Životný cyklus podniku bakalárska práca

Saved in:
Bibliographic Details
Main Author: Tuček, Milan
Corporate Author: Fakulta podnikového manažmentu EU. Katedra podnikovohospodárska
Other Authors: Vrtíková, Kristína
Format: Book
Language:Slovak
Published: Bratislava 2017
Tags: Add Tag
No Tags, Be the first to tag this record!

MARC

LEADER 00000nbm a2200000 4500
001 0232616
005 20250904130320.0
041 0 |a slo 
044 |a SK 
245 1 0 |a Životný cyklus podniku  |b bakalárska práca  |c Milan Tuček ; školiteľ: Kristína Vrtíková 
264 1 |a Bratislava  |c 2017 
300 |a 53 s. 
100 1 |a Tuček, Milan 
700 1 |a Vrtíková, Kristína 
710 2 |a Fakulta podnikového manažmentu EU. Katedra podnikovohospodárska